Expressing music / (Record no. 3982)

000 -LEADER
fixed length control field aam a22 a 4500
003 - CONTROL NUMBER IDENTIFIER
control field AKMAL
005 - DATE AND TIME OF LATEST TRANSACTION
control field 20170524143232.0
008 - FIXED-LENGTH DATA ELEMENTS--GENERAL INFORMATION
fixed length control field 170524s1976 us 00 eng d
020 ## - INTERNATIONAL STANDARD BOOK NUMBER
International Standard Book Number 0278420230
082 04 - DEWEY DECIMAL CLASSIFICATION NUMBER
Classification number 780 CHO
090 10 - LOCALLY ASSIGNED LC-TYPE CALL NUMBER (OCLC); LOCAL CALL NUMBER (RLIN)
Classification number (OCLC) (R) ; Classification number, CALL (RLIN) (NR) 780
Local cutter number (OCLC) ; Book number/undivided call number, CALL (RLIN) CHO
245 00 - TITLE STATEMENT
Title Expressing music /
Statement of responsibility, etc. Robert A. Choate ... (et al.)
260 ## - PUBLICATION, DISTRIBUTION, ETC.
Place of publication, distribution, etc. New York :
Name of publisher, distributor, etc. American Book,
Date of publication, distribution, etc. 1976
300 00 - PHYSICAL DESCRIPTION
Extent v, 201p. :
Other physical details ill. (some col.) ;
Dimensions 25cm
500 ## - GENERAL NOTE
General note Index: p.198-201
650 #0 - SUBJECT ADDED ENTRY--TOPICAL TERM
Topical term or geographic name entry element Music
9 (RLIN) 7814
700 1# - ADDED ENTRY--PERSONAL NAME
Personal name Choate, Robert A.
9 (RLIN) 7815
942 ## - ADDED ENTRY ELEMENTS (KOHA)
Source of classification or shelving scheme
Koha item type Book
Holdings
Withdrawn status Lost status Source of classification or shelving scheme Damaged status Not for loan Collection code Home library Current library Shelving location Date acquired Inventory number Total Checkouts Full call number Barcode Date last seen Price effective from Koha item type
          NON-FICTION AKMAL Melaka AKMAL Melaka PINJAMAN 24.05.2017 700009   780 CHO 201704857 24.05.2017 24.05.2017 Book
Pusat Sumber Maklumat Dato' Haji Sarmin Md Hussin, Akademi Kastam Diraja Malaysia, Melaka
Tel: 06-2331106 | Faks: 06-2313787